| 000 | 01022cam a2200325 4500 | ||
|---|---|---|---|
| 001 | 44320 | ||
| 003 | BD-RjUL | ||
| 005 | 20211209053833.0 | ||
| 008 | 160716s1958 enkak 001 0 eng | ||
| 035 | _aBD-RjUL44438 | ||
| 035 | _a(BD-RjUL) | ||
| 035 | _a(NNC)2414183 | ||
| 040 |
_aDLC _cDLC _dUKM _dZCU _beng |
||
| 041 | _aeng | ||
| 082 |
_a657.45 _bSPP 1958 _223 |
||
| 100 | 1 |
_aSpicer, Ernest Evan. _9136036 |
|
| 245 | 1 | 0 |
_aSpicer and Pegler's Practical auditing. _cErnest Evan.Spicer |
| 250 | _a12th ed. | ||
| 260 |
_aLondon : _bH.E.L. (Publishers), _c1958 |
||
| 300 |
_axix, 514 p. : _bill. ; _c22 cm. |
||
| 500 | _aPublished in 1929 under title: Practical auditing. | ||
| 650 | 0 |
_aAuditing. _9116523 |
|
| 650 | 0 |
_aCorporations _xAccounting. _9136037 |
|
| 650 | 0 |
_aCorporation law _zGreat Britain. _9136038 |
|
| 700 | 1 |
_aPegler, Ernest Charles, _9230746 |
|
| 700 | 1 |
_aBigg, Walter W. _q(Walter William), _d1903-, _9230747 |
|
| 942 |
_2ddc _cBK |
||
| 999 |
_c44320 _d44320 |
||